|
|
|
|
| LEADER |
02026nam a2200505 a 4500 |
| 001 |
nkc20132435674 |
| 003 |
CZ PrNK |
| 005 |
20130204141634.0 |
| 007 |
ta |
| 008 |
130109s2012 xr ah e c 000 0dcze |
| 020 |
|
|
|a 978-80-904726-6-2
|q (brož.)
|
| 040 |
|
|
|a BOA001
|b cze
|
| 041 |
0 |
|
|a cze
|b eng
|b ger
|
| 043 |
|
|
|a e-xr---
|
| 045 |
|
|
|a w9x5
|
| 072 |
|
7 |
|a 75
|x Malířství
|2 Konspekt
|9 21
|
| 080 |
|
|
|a 75(437.3)
|2 MRF
|
| 080 |
|
|
|a 75.036/.038
|2 MRF
|
| 080 |
|
|
|a (437.3)
|2 MRF
|
| 080 |
|
|
|a (083.824)
|2 MRF
|
| 100 |
1 |
|
|a Panuška, Jaroslav,
|d 1872-1958
|7 jk01091678
|4 art
|
| 245 |
1 |
0 |
|a Jaroslav Panuška :
|b 1872-1958 : Galerie výtvarného umění v Havlíčkově Brodě, 14.12.2012-3.2.2013 /
|c [text Martina Schneiderová a Markéta Odehnalová]
|
| 260 |
|
|
|a V Havlíčkově Brodě :
|b Galerie výtvarného umění,
|c 2012
|
| 300 |
|
|
|a 108 s. :
|b il. (převážně barev.), faksim. ;
|c 21 cm +
|e seznam vystavených děl ([4] s.)
|
| 500 |
|
|
|a 800 výt.
|
| 504 |
|
|
|a Obsahuje bibliografické odkazy
|
| 546 |
|
|
|a Anglické a německé resumé
|
| 600 |
1 |
7 |
|a Panuška, Jaroslav,
|d 1872-1958
|7 jk01091678
|2 czenas
|
| 648 |
|
4 |
|a 1894-1950
|
| 648 |
|
7 |
|a 19.-20. století
|7 ch757015
|2 czenas
|
| 650 |
0 |
7 |
|a české malířství
|7 ph116864
|y 19.-20. stol.
|2 czenas
|
| 650 |
0 |
7 |
|a moderní malířství
|7 ph122940
|z Česko
|2 czenas
|
| 650 |
0 |
9 |
|a Czech painting
|y 19th-20th centuries
|2 eczenas
|
| 650 |
0 |
9 |
|a modern painting
|z Czechia
|2 eczenas
|
| 655 |
|
7 |
|a katalogy výstav
|7 fd132536
|2 czenas
|
| 655 |
|
9 |
|a exhibition catalogs
|2 eczenas
|
| 700 |
1 |
|
|a Schneiderová, Martina,
|d 1981-
|7 mub2011671019
|4 wfw
|
| 700 |
1 |
|
|a Odehnalová, Markéta,
|d 1982-
|7 jx20101210016
|4 wfw
|
| 710 |
2 |
|
|a Galerie výtvarného umění (Havlíčkův Brod, Česko)
|7 kn20020321741
|
| 910 |
2 |
|
|a BOA001
|b 2-1298.383
|
| 928 |
9 |
|
|a Galerie výtvarného umění v Havlíčkově Brodě
|
| 990 |
|
|
|a BK
|
| 995 |
|
|
|a 11
|
| 991 |
|
|
|b 201301
|c NOV
|e n
|
| 996 |
6 |
|
|b 2610534794
|c 2-1298.383
|l MZK
|r Sklad / do 1 hodiny
|n 3
|p p.v.
|w 001308498
|u 000010
|a 1
|e BOA001
|j MZK50
|s P
|